| 000 | 01113cab a22002415a 4500 | ||
|---|---|---|---|
| 001 | L139874 | ||
| 008 | 070816s2005 xxk d f 000 0 eng d | ||
| 035 | _a(Sirsi) u139874 | ||
| 041 | 0 | _aeng | |
| 100 | 1 | _aDavis, Peadar | |
| 245 | 0 | 0 | _aModel makers |
| 260 | _c2005 | ||
| 490 | 0 |
_aInsight _v2005, 10-12(3) |
|
| 520 | _aSummarises research undertaken for the reform of domestic rating in Northern Ireland (NI). Re-examines the performance of banded systems and considers how it may be improved in light of criticism of council tax. Considers how a banded capital value system might replace the current rating system. Findings suggest a discrete capital value system was preferable to banding in NI. The potential performance of banded systems is discussed and this may also be relevant to the debate in Great Britain. Charts. | ||
| 650 | 2 | 4 | _aCOUNCIL TAX |
| 650 | 2 | 4 | _aCAPITAL VALUE RATING |
| 650 | 2 | 4 | _aBANDING |
| 651 | 4 |
_aNorthern Ireland _y2002-2007 |
|
| 690 | _aPROPERTY-RESIDENTIAL PROPERTY-RESIDENTIAL PROPERTY TAXATION | ||
| 700 | 1 | _aCheung, Lay | |
| 700 | 1 | _aMcCluskey, William | |
| 942 | _n0 | ||
| 999 |
_c79117 _d79117 |
||